[Event "Oberliga Ost-A 1920"]
[Site "Germany"]
[Date "2020.02.29"]
[Round "8.4"]
[White "Hellwig, Tobias"]
[Black "Heinz, Thomas"]
[Result "1/2-1/2"]
[WhiteElo "2214"]
[BlackElo "2183"]
[PlyCount "32"]
[EventDate "2019.09.29"]
[EventType "team-tourn"]
[EventRounds "11"]
[EventCountry "GER"]
[SourceTitle "EXT 2023"]
[Source "ChessBase"]
[SourceDate "2022.10.05"]
[SourceVersion "1"]
[SourceVersionDate "2022.10.05"]
[SourceQuality "1"]
[WhiteTeam "Sangerhausen"]
[BlackTeam "Aue Nickelhuette II"]
[WhiteTeamCountry "GER"]
[BlackTeamCountry "GER"]

1. d4 d5 2. c4 c6 3. Nc3 Nf6 4. Nf3 a6 5. e3 g6 6. Be2 Bg7 7. 0-0 0-0 8. b3 b5 9. Ne5 Bb7 10. Bb2 Nfd7 11. f4 f5 12. Rb1 Nf6 13. Qc2 Nbd7 14. Rfc1 Rc8 15. Qd1 Re8 16. Rc2 Qb6 1/2-1/2

[Event "Oberliga Ost-A 1819"]
[Site "Germany"]
[Date "2019.02.03"]
[Round "7.5"]
[White "Heinz, Thomas"]
[Black "Proehl, Holger"]
[Result "1/2-1/2"]
[WhiteElo "2134"]
[BlackElo "2350"]
[PlyCount "35"]
[EventDate "2018.10.21"]
[EventType "team-tourn"]
[EventRounds "11"]
[EventCountry "GER"]
[SourceTitle "EXT 2020"]
[Source "ChessBase"]
[SourceDate "2019.10.17"]
[SourceVersion "1"]
[SourceVersionDate "2019.10.17"]
[SourceQuality "1"]
[WhiteTeam "Aue Nickelhuette II"]
[BlackTeam "Loeberitz"]
[WhiteTeamCountry "GER"]
[BlackTeamCountry "GER"]

1. e4 d6 2. d4 Nf6 3. Nc3 Nbd7 4. Bc4 e5 5. Nf3 h6 6. 0-0 Be7 7. h3 0-0 8. Be3 c6 9. a4 Re8 10. Qe2 Qc7 11. Rad1 Nf8 12. dxe5 dxe5 13. Bb3 Be6 14. Bxe6 Nxe6 15. Qc4 a5 16. Rd3 Red8 17. Rfd1 Kf8 18. Ne2 1/2-1/2

[Event "Oberliga Ost-A 1819"]
[Site "Germany"]
[Date "2018.11.11"]
[Round "3.5"]
[White "Roesemann, Rainer"]
[Black "Heinz, Thomas"]
[Result "1-0"]
[WhiteElo "2229"]
[BlackElo "2134"]
[PlyCount "71"]
[EventDate "2018.10.21"]
[EventType "team-tourn"]
[EventRounds "11"]
[EventCountry "GER"]
[SourceTitle "EXT 2020"]
[Source "ChessBase"]
[SourceDate "2019.10.17"]
[SourceVersion "1"]
[SourceVersionDate "2019.10.17"]
[SourceQuality "1"]
[WhiteTeam "Leipzig SG"]
[BlackTeam "Aue Nickelhuette II"]
[WhiteTeamCountry "GER"]
[BlackTeamCountry "GER"]

1. c4 e5 2. Nc3 Nc6 3. g3 g6 4. Bg2 Bg7 5. e4 d6 6. Nge2 Be6 7. d3 Qd7 8. Nd5 Nd8 9. Be3 c6 10. Ndc3 Bh3 11. 0-0 Bxg2 12. Kxg2 f5 13. d4 Nf6 14. dxe5 dxe5 15. Qxd7+ Kxd7 16. Rad1+ Kc7 17. exf5 gxf5 18. f4 e4 19. Nd4 Ng4 20. Nxf5 Rf8 21. h3 Nxe3+ 22. Nxe3 Ne6 23. Nxe4 Bxb2 24. f5 Ng7 25. Nc5 Rae8 26. Rf3 b6 27. Na6+ Kc8 28. Nb4 Kc7 29. g4 Re4 30. Rd3 a5 31. Nbc2 Ne8 32. Rf1 Nd6 33. Rfd1 Be5 34. Nd4 Re8 35. Ne6+ Kb7 36. c5 1-0

[Event "Oberliga Ost-A 1819"]
[Site "Germany"]
[Date "2018.11.10"]
[Round "2.5"]
[White "Heinz, Thomas"]
[Black "Dietze, Frank Heinz"]
[Result "1-0"]
[WhiteElo "2134"]
[BlackElo "2105"]
[PlyCount "107"]
[EventDate "2018.10.21"]
[EventType "team-tourn"]
[EventRounds "11"]
[EventCountry "GER"]
[SourceTitle "EXT 2020"]
[Source "ChessBase"]
[SourceDate "2019.10.17"]
[SourceVersion "1"]
[SourceVersionDate "2019.10.17"]
[SourceQuality "1"]
[WhiteTeam "Aue Nickelhuette II"]
[BlackTeam "Leipzig SG II"]
[WhiteTeamCountry "GER"]
[BlackTeamCountry "GER"]

1. e4 c5 2. Nc3 Nc6 3. g3 g6 4. Bg2 Bg7 5. d3 d6 6. Be3 e5 7. Qd2 Nge7 8. Bh6 Bxh6 9. Qxh6 Nd4 10. Qd2 Qa5 11. Nge2 Be6 12. 0-0 0-0 13. f4 f6 14. Rf2 Qb4 15. Qc1 Kg7 16. a3 Qb6 17. Rb1 c4 18. dxc4 Bxc4 19. Nxd4 Qxd4 20. Qd2 Nc6 21. Rd1 Qb6 22. b3 Bf7 23. Na4 Qa6 24. Bf1 b5 25. Nc3 Qb6 26. Nd5 Bxd5 27. Qxd5 a6 28. Bh3 Rad8 29. b4 Nd4 30. Kg2 Qc7 31. Kh1 Qc3 32. Qb7+ Rf7 33. Qb6 Qe3 34. Rdf1 Rdf8 35. Qxd6 exf4 36. Rxf4 Ne2 37. R4f2 Qxe4+ 38. Bg2 Qd4 39. Qxa6 Nc3 40. Qc6 Ra7 41. Rf3 Rxa3 42. Rd3 Qxb4 43. Rd7+ Kh6 44. Qe6 Qc5 45. Bf3 f5 46. Qe1 Na4 47. Qd2+ f4 48. gxf4 Qf5 49. Qb4 Re3 50. Qd4 Rg8 51. Rd5 Qe6 52. f5 Qe8 53. f6 g5 54. f7 1-0

[Event "Oberliga Ost-A 1718"]
[Site "Germany"]
[Date "2017.12.10"]
[Round "4.8"]
[White "Heyme, Sibylle"]
[Black "Heinz, Thomas"]
[Result "0-1"]
[WhiteElo "2011"]
[BlackElo "2138"]
[PlyCount "82"]
[EventDate "2017.10.22"]
[EventType "team-tourn"]
[EventRounds "11"]
[EventCountry "GER"]
[SourceTitle "EXT 2019"]
[Source "ChessBase"]
[SourceDate "2018.10.10"]
[SourceVersion "1"]
[SourceVersionDate "2018.10.10"]
[SourceQuality "1"]
[WhiteTeam "Hoyerswerda"]
[BlackTeam "Aue Nickelhuette II"]
[WhiteTeamCountry "GER"]
[BlackTeamCountry "GER"]

1. Nf3 Nf6 2. c4 g6 3. g3 Bg7 4. Bg2 0-0 5. 0-0 d6 6. d4 Nbd7 7. Nc3 c6 8. e4 Qc7 9. Re1 e5 10. b3 Re8 11. Bb2 b6 12. Qd2 Bb7 13. Rad1 Rad8 14. a4 a6 15. Rc1 Qb8 16. d5 cxd5 17. cxd5 Nc5 18. Qd1 a5 19. Bf1 Ba6 20. Bxa6 Nxa6 21. Nd2 Bh6 22. Rb1 Bxd2 23. Qxd2 Nc5 24. Ba1 Qc8 25. Kg2 Qd7 26. f3 Nh5 27. Nb5 f5 28. exf5 Qxf5 29. Rf1 Rf8 30. b4 axb4 31. Rxb4 Nf6 32. Nc7 Rc8 33. Nb5 Nb3 34. Qd1 Rc2+ 35. Rf2 Rxf2+ 36. Kxf2 Nxa1 37. Qxa1 Ng4+ 38. Rxg4 Qxf3+ 39. Kg1 Qf2+ 40. Kh1 Qf3+ 41. Kg1 Qxg4 0-1

[Event "Oberliga Ost-A 1617"]
[Site "Germany"]
[Date "2017.02.18"]
[Round "6.6"]
[White "Heinz, Thomas"]
[Black "Rausch, Stephan"]
[Result "0-1"]
[WhiteElo "2144"]
[BlackElo "2277"]
[PlyCount "70"]
[EventDate "2016.10.16"]
[EventType "team-tourn"]
[EventRounds "11"]
[EventCountry "GER"]
[SourceTitle "EXT 2018"]
[Source "ChessBase"]
[SourceDate "2017.10.13"]
[SourceVersion "1"]
[SourceVersionDate "2017.10.13"]
[SourceQuality "1"]
[WhiteTeam "Aue Nickelhuette II"]
[BlackTeam "Leipzig SG"]
[WhiteTeamCountry "GER"]
[BlackTeamCountry "GER"]

1. e4 e6 2. d4 d5 3. exd5 exd5 4. Nf3 Nf6 5. Bg5 Bd6 6. Be2 0-0 7. 0-0 Re8 8. Re1 h6 9. Bh4 Bf5 10. Nbd2 Nbd7 11. Nf1 c6 12. c3 Qb6 13. Bg3 Ne4 14. Bxd6 Nxd6 15. Qb3 Re7 16. Qa3 Qc7 17. Bd3 Rxe1 18. Nxe1 a6 19. Ne3 Bxd3 20. Nxd3 Re8 21. Re1 Ne4 22. Nf5 Ndf6 23. f3 Nd2 24. Rxe8+ Nxe8 25. b3 Qd8 26. Ne7+ Kh7 27. Ne5 Nd6 28. Qb2 Nxf3+ 29. gxf3 Qxe7 30. Qc2+ g6 31. c4 Qg5+ 32. Kf1 dxc4 33. bxc4 Qf4 34. Qb2 f6 35. Qb4 Qxd4 0-1

[Event "Oberliga Ost-A 1516"]
[Site "Germany"]
[Date "2015.12.13"]
[Round "5.6"]
[White "Kukel, Imre"]
[Black "Heinz, Thomas"]
[Result "1-0"]
[WhiteElo "2240"]
[BlackElo "2137"]
[PlyCount "55"]
[EventDate "2015.09.20"]
[EventType "team-tourn"]
[EventRounds "11"]
[EventCountry "GER"]
[SourceTitle "EXT 2017"]
[Source "ChessBase"]
[SourceDate "2016.10.25"]
[SourceVersion "1"]
[SourceVersionDate "2016.10.25"]
[SourceQuality "1"]
[WhiteTeam "Dresden TU II"]
[BlackTeam "Aue Nickelhuette II"]
[WhiteTeamCountry "GER"]
[BlackTeamCountry "GER"]

1. e4 e5 2. Nf3 Nc6 3. Bb5 f5 4. Nc3 Nf6 5. exf5 e4 6. Ng5 d5 7. d3 Bxf5 8. dxe4 dxe4 9. Qe2 Bb4 10. Bd2 Qe7 11. Qc4 Rd8 12. 0-0-0 h6 13. Ngxe4 Nxe4 14. Nxe4 Qxe4 15. Qxe4+ Bxe4 16. Bxb4 Bxg2 17. Rhe1+ Kf7 18. Bc4+ Kg6 19. Bc3 Bf3 20. Rg1+ Kh5 21. Rxd8 Rxd8 22. Bf7+ Kh4 23. Bxg7 Rd6 24. c3 h5 25. Bc4 Bg4 26. Rg3 Ne7 27. f3 Bd7 28. Bf8 1-0

[Event "Oberliga Ost-A 1516"]
[Site "Germany"]
[Date "2015.11.15"]
[Round "4.7"]
[White "Boehm, Robert"]
[Black "Heinz, Thomas"]
[Result "1/2-1/2"]
[WhiteElo "2144"]
[BlackElo "2137"]
[PlyCount "80"]
[EventDate "2015.09.20"]
[EventType "team-tourn"]
[EventRounds "11"]
[EventCountry "GER"]
[SourceTitle "EXT 2017"]
[Source "ChessBase"]
[SourceDate "2016.10.25"]
[SourceVersion "1"]
[SourceVersionDate "2016.10.25"]
[SourceQuality "1"]
[WhiteTeam "Hoyerswerda"]
[BlackTeam "Aue Nickelhuette II"]
[WhiteTeamCountry "GER"]
[BlackTeamCountry "GER"]

1. c4 e5 2. Nc3 Nc6 3. Nf3 d6 4. g3 Be6 5. d3 g6 6. Bg2 Bg7 7. 0-0 Nge7 8. Bd2 0-0 9. Rb1 h6 10. b4 Qd7 11. b5 Nd8 12. Ne1 Bh3 13. Nd5 Bxg2 14. Kxg2 f5 15. Qc1 g5 16. Nxe7+ Qxe7 17. e4 Ne6 18. f3 Qf7 19. Nc2 Nc5 20. Nb4 Qh5 21. exf5 g4 22. fxg4 Qxg4 23. h3 Qh5 24. g4 Qh4 25. Be1 Qd8 26. Qe3 Qd7 27. Nd5 c6 28. bxc6 bxc6 29. Nc3 Rae8 30. Ne4 Nxe4 31. dxe4 d5 32. cxd5 cxd5 33. Qd2 d4 34. Bh4 Qc6 35. Kf3 Rc8 36. Rfc1 Qa6 37. Be7 Rfe8 38. Bb4 Bf6 39. Qxh6 Qd3+ 40. Kf2 Rc2+ 1/2-1/2

[Event "Oberliga Ost-A 1516"]
[Site "Germany"]
[Date "2015.10.11"]
[Round "3.7"]
[White "Hoffmann, Uwe"]
[Black "Heinz, Thomas"]
[Result "1-0"]
[WhiteElo "2124"]
[BlackElo "2137"]
[PlyCount "25"]
[EventDate "2015.09.20"]
[EventType "team-tourn"]
[EventRounds "11"]
[EventCountry "GER"]
[SourceTitle "EXT 2017"]
[Source "ChessBase"]
[SourceDate "2016.10.25"]
[SourceVersion "1"]
[SourceVersionDate "2016.10.25"]
[SourceQuality "1"]
[WhiteTeam "Magdeburg Rochade"]
[BlackTeam "Aue Nickelhuette II"]
[WhiteTeamCountry "GER"]
[BlackTeamCountry "GER"]

1. d4 d5 2. c4 c6 3. Nc3 Nf6 4. Nf3 a6 5. cxd5 cxd5 6. Bf4 b5 7. e3 e6 8. Bd3 Bb7 9. 0-0 Be7 10. Rc1 Nc6 11. Ne5 Rc8 12. Qf3 Nd7 13. Nxf7 1-0

[Event "Oberliga Ost-A 1415"]
[Site "Germany"]
[Date "2015.04.11"]
[Round "10.7"]
[White "Schmalhofer, Adam"]
[Black "Heinz, Thomas"]
[Result "0-1"]
[WhiteElo "2132"]
[BlackElo "2142"]
[PlyCount "86"]
[EventDate "2014.09.21"]
[EventType "team-tourn"]
[EventRounds "11"]
[EventCountry "GER"]
[SourceTitle "EXT 2016"]
[Source "ChessBase"]
[SourceDate "2015.10.08"]
[SourceVersion "1"]
[SourceVersionDate "2015.10.08"]
[SourceQuality "1"]
[WhiteTeam "Dresden USV TU II"]
[BlackTeam "Aue Nickelhuette II"]
[WhiteTeamCountry "GER"]
[BlackTeamCountry "GER"]

1. d4 d5 2. c4 c6 3. cxd5 cxd5 4. Nc3 Nf6 5. Bf4 Nc6 6. e3 a6 7. Bd3 e6 8. Rc1 Be7 9. Nf3 Nh5 10. Bg3 Nxg3 11. hxg3 h6 12. 0-0 Bd7 13. Bb1 Rc8 14. Ne1 Na5 15. Nd3 Nc4 16. b3 Na3 17. Ne5 Nxb1 18. Qf3 Bf6 19. Nxb1 Bb5 20. Rfd1 Bxe5 21. dxe5 0-0 22. Rxc8 Qxc8 23. a4 Bc6 24. Qg4 Qc7 25. Qd4 f6 26. exf6 Rxf6 27. Nc3 Qf7 28. Rd2 Qh5 29. Na2 Qf5 30. Qd3 Qe5 31. Nb4 Be8 32. Qd4 Qf5 33. Nd3 Bg6 34. Qf4 Qxd3 35. Qb4 Qb1+ 36. Kh2 Rf5 37. g4 Rf7 38. Qc3 Qe1 39. f3 Qh4+ 40. Kg1 Qe1+ 41. Kh2 Qh4+ 42. Kg1 Kh7 43. Rd1 Qg3 0-1

[Event "Oberliga Ost-A 1415"]
[Site "Germany"]
[Date "2014.11.09"]
[Round "4.8"]
[White "Heinz, Thomas"]
[Black "Liebscher, Sebastian"]
[Result "1-0"]
[WhiteElo "2142"]
[BlackElo "2070"]
[PlyCount "95"]
[EventDate "2014.09.21"]
[EventType "team-tourn"]
[EventRounds "11"]
[EventCountry "GER"]
[SourceTitle "EXT 2016"]
[Source "ChessBase"]
[SourceDate "2015.10.08"]
[SourceVersion "1"]
[SourceVersionDate "2015.10.08"]
[SourceQuality "1"]
[WhiteTeam "Aue Nickelhuette II"]
[BlackTeam "Coswig"]
[WhiteTeamCountry "GER"]
[BlackTeamCountry "GER"]

1. e4 c5 2. Nc3 e6 3. g3 Nc6 4. Bg2 Nf6 5. d3 Be7 6. f4 d6 7. Nf3 0-0 8. 0-0 a6 9. h3 Qc7 10. Ne2 d5 11. e5 Ne8 12. c3 f6 13. d4 fxe5 14. fxe5 Bd7 15. Bg5 Qb6 16. Qd2 cxd4 17. cxd4 Bb4 18. Qe3 Nc7 19. Rad1 Rae8 20. Kh2 Na5 21. b3 Bb5 22. Rf2 Bxe2 23. Qxe2 Nb5 24. Qd3 Nc3 25. Rdf1 Ne4 26. Rc2 Nc6 27. Be3 Be7 28. Qe2 Nb4 29. Rcc1 Qa5 30. a4 b5 31. axb5 axb5 32. Ra1 Qb6 33. Rac1 Ra8 34. Nd2 Na2 35. Rxf8+ Rxf8 36. Rf1 Rxf1 37. Bxf1 Nac3 38. Qg4 Nxd2 39. Bxd2 Ne4 40. Be3 Bb4 41. Bd3 Qc6 42. h4 Kf7 43. Qh5+ Kg8 44. Qe2 Qc3 45. Bxb5 Qxb3 46. Bd7 Bd2 47. Bxe6+ Kf8 48. Qf1+ 1-0

[Event "Regionalliga NW 1213"]
[Site "Bayern"]
[Date "2013.01.13"]
[Round "5.2"]
[White "Schindler, Viktor"]
[Black "Heinz, Thomas"]
[Result "1-0"]
[WhiteElo "2045"]
[BlackElo "2021"]
[PlyCount "67"]
[EventDate "2012.10.14"]
[EventType "team-tourn"]
[EventRounds "9"]
[EventCountry "GER"]
[SourceTitle "EXT 2015"]
[Source "ChessBase"]
[SourceDate "2014.11.20"]
[SourceVersion "1"]
[SourceVersionDate "2014.11.20"]
[SourceQuality "1"]
[WhiteTeam "Hof"]
[BlackTeam "Marktleuthen"]
[WhiteTeamCountry "GER"]
[BlackTeamCountry "GER"]

1. e4 e5 2. Bc4 Nc6 3. Nf3 Nf6 4. d3 h6 5. 0-0 Bc5 6. c3 Qe7 7. Bb3 d6 8. h3 a6 9. Re1 0-0 10. Nbd2 Be6 11. Bc2 Ba7 12. Nf1 d5 13. exd5 Bxd5 14. d4 Bxf3 15. Qxf3 Qd6 16. Ng3 exd4 17. Nf5 Qd5 18. Qg3 Nh5 19. Nxh6+ Kh8 20. Qd3 g6 21. Bb3 Qd7 22. g4 Nf6 23. Qf3 Kg7 24. Qf4 Rae8 25. Nf5+ Kg8 26. Bd2 Nh7 27. Rxe8 Qxe8 28. Re1 Qd7 29. Nh6+ Kg7 30. Nxf7 Rxf7 31. Qh6+ Kh8 32. Qxg6 Rf8 33. Bh6 Rd8 34. Bf7 1-0

[Event "Regionalliga NW 1213"]
[Site "Bayern"]
[Date "2012.12.09"]
[Round "4.3"]
[White "Schneider, Johannes"]
[Black "Heinz, Thomas"]
[Result "1/2-1/2"]
[WhiteElo "1812"]
[BlackElo "2021"]
[PlyCount "58"]
[EventDate "2012.10.14"]
[EventType "team-tourn"]
[EventRounds "9"]
[EventCountry "GER"]
[SourceTitle "EXT 2015"]
[Source "ChessBase"]
[SourceDate "2014.11.20"]
[SourceVersion "1"]
[SourceVersionDate "2014.11.20"]
[SourceQuality "1"]
[WhiteTeam "Stetten"]
[BlackTeam "Marktleuthen"]
[WhiteTeamCountry "GER"]
[BlackTeamCountry "GER"]

1. d4 d5 2. c4 c6 3. Nc3 Nf6 4. Bg5 g6 5. e3 Bg7 6. Bd3 0-0 7. Nge2 Nbd7 8. cxd5 cxd5 9. 0-0 b6 10. Rc1 Bb7 11. Qb3 h6 12. Bf4 Ne4 13. Nxe4 dxe4 14. Bb5 e5 15. dxe5 Nxe5 16. Rfd1 Qe7 17. Nd4 Rac8 18. Bxe5 Qxe5 19. Nc6 Bxc6 20. Bxc6 Rfd8 21. Rxd8+ Rxd8 22. g3 Rd2 23. Rd1 Rxb2 24. Rd8+ Bf8 25. Qa3 Rb1+ 26. Kg2 Qc5 27. Qxc5 bxc5 28. Bxe4 Rb6 29. Bd5 Rd6 1/2-1/2

[Event "Regionalliga NW 1112"]
[Site "Bayern"]
[Date "2012.04.15"]
[Round "9.2"]
[White "Urytskyy, Arkadiy"]
[Black "Heinz, Thomas"]
[Result "1/2-1/2"]
[WhiteElo "2096"]
[BlackElo "2082"]
[PlyCount "102"]
[EventDate "2011.10.02"]
[EventType "team-tourn"]
[EventRounds "9"]
[EventCountry "GER"]
[SourceTitle "EXT 2015"]
[Source "ChessBase"]
[SourceDate "2014.11.20"]
[SourceVersion "1"]
[SourceVersionDate "2014.11.20"]
[SourceQuality "1"]
[WhiteTeam "Kirchenlaibach"]
[BlackTeam "Marktleuthen"]
[WhiteTeamCountry "GER"]
[BlackTeamCountry "GER"]

1. Nf3 d5 2. c4 c6 3. g3 Nf6 4. Bg2 dxc4 5. Na3 Be6 6. Ng5 Bf5 7. Nxc4 h6 8. Nf3 Nbd7 9. 0-0 e6 10. d3 Nb6 11. Na5 Rb8 12. a4 Bb4 13. Bd2 Nbd5 14. Nc4 Bxd2 15. Qxd2 Nb6 16. Ne3 Bh7 17. a5 Nbd5 18. Nc4 0-0 19. Rfc1 a6 20. Nd4 Nb6 21. Nxb6 Qxd4 22. Ra4 Qd6 23. Nc4 Qc7 24. Qe3 Nd5 25. Qc5 Rfd8 26. Nd2 Qe5 27. e4 Qxb2 28. Rc2 Qb5 29. Qa3 Nf6 30. Nc4 Qb1+ 31. Rc1 Qxd3 32. Qxd3 Rxd3 33. e5 Nd5 34. Bxd5 Rxd5 35. f4 Bd3 36. Nb6 Bb5 37. Raa1 Rd2 38. Rd1 Rbd8 39. Rxd2 Rxd2 40. Nc8 c5 41. Rc1 Bc6 42. Ne7+ Kf8 43. Nxc6 bxc6 44. Rxc5 Rd5 45. Rxc6 Rxa5 46. Rc8+ Ke7 47. Rc7+ Ke8 48. Rc8+ Kd7 49. Ra8 g6 50. Ra7+ Ke8 51. Kf2 Ra3 1/2-1/2

[Event "Regionalliga NW 0910"]
[Site "Bayern"]
[Date "2010.03.21"]
[Round "8.2"]
[White "Kuhn, Norbert"]
[Black "Heinz, Thomas"]
[Result "1/2-1/2"]
[WhiteElo "2049"]
[BlackElo "2054"]
[PlyCount "66"]
[EventDate "2009.10.18"]
[EventType "team-tourn"]
[EventRounds "9"]
[EventCountry "GER"]
[SourceTitle "EXT 2011"]
[Source "ChessBase"]
[SourceDate "2010.11.26"]
[SourceVersion "1"]
[SourceVersionDate "2010.11.26"]
[SourceQuality "1"]
[WhiteTeam "Wuerzburg II"]
[BlackTeam "Marktleuthen"]
[WhiteTeamCountry "GER"]
[BlackTeamCountry "GER"]

1. e4 e6 2. d4 d5 3. Nc3 Bb4 4. e5 c5 5. a3 Bxc3+ 6. bxc3 Ne7 7. Nf3 Qa5 8. Qd2 b6 9. Bd3 Ba6 10. dxc5 bxc5 11. 0-0 Bxd3 12. cxd3 Nbc6 13. Qg5 Qxc3 14. Be3 d4 15. Bd2 Qxd3 16. Rac1 h6 17. Qg4 Qxa3 18. Rc4 Ng6 19. Rfc1 Ncxe5 20. Nxe5 Nxe5 21. Qxg7 Nxc4 22. Qxh8+ Ke7 23. Qxa8 Nxd2 24. Re1 c4 25. Qb7+ Kf6 26. Qc7 Qd3 27. f4 c3 28. f5 exf5 29. Qe5+ Kg6 30. Qd6+ Kg7 31. Qe5+ Kg6 32. Qd6+ Kg7 33. Qe5+ Kg6 1/2-1/2

[Event "Landesliga Nord 0708"]
[Site "Bayern"]
[Date "2007.12.09"]
[Round "4.2"]
[White "Koch, Moritz"]
[Black "Heinz, Thomas"]
[Result "1/2-1/2"]
[WhiteElo "2221"]
[BlackElo "2033"]
[PlyCount "26"]
[EventDate "2007.10.21"]
[EventType "team-tourn"]
[EventRounds "9"]
[EventCountry "GER"]
[SourceTitle "EXT 2009"]
[Source "ChessBase"]
[SourceDate "2008.11.26"]
[SourceVersion "1"]
[SourceVersionDate "2008.11.26"]
[SourceQuality "1"]
[WhiteTeam "Puschendorf"]
[BlackTeam "Marktleuthen"]
[WhiteTeamCountry "GER"]
[BlackTeamCountry "GER"]

1. e4 e5 2. Nf3 Nc6 3. Bb5 f5 4. Bxc6 dxc6 5. Qe2 Nf6 6. exf5 e4 7. d3 Bxf5 8. 0-0 Qe7 9. dxe4 Qxe4 10. Qxe4+ Bxe4 11. Re1 0-0-0 12. Ng5 Bg6 13. Bf4 Nd5 1/2-1/2

[Event "Landesliga Nord 0607"]
[Site "Bayern"]
[Date "2007.04.22"]
[Round "9.3"]
[White "Wutz, Christoph"]
[Black "Heinz, Thomas"]
[Result "1-0"]
[WhiteElo "2068"]
[BlackElo "2023"]
[PlyCount "60"]
[EventDate "2006.10.15"]
[EventType "team"]
[EventRounds "9"]
[EventCountry "GER"]
[SourceTitle "EXT 2008"]
[Source "ChessBase"]
[SourceDate "2007.11.25"]
[SourceVersion "1"]
[SourceVersionDate "2007.11.25"]
[SourceQuality "1"]
[WhiteTeam "Neutraubling"]
[BlackTeam "Marktleuthen"]
[WhiteTeamCountry "GER"]
[BlackTeamCountry "GER"]

1. Nc3 e5 2. Nf3 Nc6 3. d4 exd4 4. Nxd4 Bc5 5. Nf5 g6 6. Ne3 Bd4 7. g3 d6 8. Bg2 Bg7 9. Ned5 Nge7 10. Bg5 0-0 11. Qd2 f6 12. Bh6 Be6 13. Bxg7 Kxg7 14. 0-0-0 Nxd5 15. Nxd5 a5 16. h4 Nb4 17. Nxb4 axb4 18. Qxb4 Rxa2 19. Qxb7 Rf7 20. Bc6 Qe7 21. Kb1 Ra5 22. e3 Bc4 23. Rd4 d5 24. Rhd1 Qc5 25. Bxd5 Ra7 26. Rxc4 Qa5 27. Qxa7 Qxa7 28. Bxf7 Kxf7 29. Rd7+ Ke6 30. Rdxc7 Qa5 1-0

[Event "Landesliga Nord 0607"]
[Site "Bayern"]
[Date "2007.02.25"]
[Round "6.3"]
[White "Heinz, Thomas"]
[Black "Stross, Frantisek"]
[Result "1-0"]
[WhiteElo "2023"]
[BlackElo "2249"]
[PlyCount "65"]
[EventDate "2006.10.15"]
[EventType "team"]
[EventRounds "9"]
[EventCountry "GER"]
[SourceTitle "EXT 2008"]
[Source "ChessBase"]
[SourceDate "2007.11.25"]
[SourceVersion "1"]
[SourceVersionDate "2007.11.25"]
[SourceQuality "1"]
[WhiteTeam "Marktleuthen"]
[BlackTeam "Koenigshofen"]
[WhiteTeamCountry "GER"]
[BlackTeamCountry "GER"]

1. e4 c5 2. Nc3 Nc6 3. g3 d6 4. Bg2 Nf6 5. d3 e6 6. f4 Be7 7. Nf3 0-0 8. 0-0 Rb8 9. h3 b5 10. g4 b4 11. Ne2 c4 12. Be3 Ba6 13. Ng3 cxd3 14. cxd3 Nd7 15. Rc1 Bb5 16. Rf2 Qa5 17. g5 Rfc8 18. Kh2 Qa6 19. d4 Nb6 20. b3 d5 21. f5 dxe4 22. Rxc6 Bxc6 23. Ne5 Be8 24. fxe6 fxe6 25. Bxe4 g6 26. Qf3 Rc3 27. Nf7 Qb5 28. Nh5 Nd7 29. d5 Rxe3 30. Nh6+ Kh8 31. Qxe3 Bd6+ 32. Kg2 gxh5 33. dxe6 1-0

[Event "Landesliga Nord 0607"]
[Site "Bayern"]
[Date "2006.10.29"]
[Round "2.3"]
[White "Heinz, Thomas"]
[Black "Kreuzer, Helmut"]
[Result "1/2-1/2"]
[WhiteElo "2023"]
[BlackElo "2166"]
[PlyCount "21"]
[EventDate "2006.10.15"]
[EventType "team"]
[EventRounds "9"]
[EventCountry "GER"]
[SourceTitle "EXT 2008"]
[Source "ChessBase"]
[SourceDate "2007.11.25"]
[SourceVersion "1"]
[SourceVersionDate "2007.11.25"]
[SourceQuality "1"]
[WhiteTeam "Marktleuthen"]
[BlackTeam "Kelheim"]
[WhiteTeamCountry "GER"]
[BlackTeamCountry "GER"]

1. e4 e5 2. Bc4 Nc6 3. f4 exf4 4. Nf3 d6 5. d4 g5 6. h4 f6 7. Nxg5 fxg5 8. Qh5+ Kd7 9. Qg4+ Ke8 10. Qh5+ Kd7 11. Qg4+ 1/2-1/2